000 00229nam a2200085Ia 4500
245 0 _aNative American bead weaving
100 _a GARNER, Lynne Lewes, 2003
_979996
942 _cBK
008 210817s9999 xx 000 0 und d
999 _c279793
_d279792